Star Wars - BilderQuiz Rebellen - Statistiken

Allgemein
  • Dieses Quiz wurde 648 mal gespielt
  • Das Durchschnittsergebnis liegt bei 13 aus 16
Antwortstatistiken
Bildquiz Antwort % Korrekt
Han Solo
99%
Luke Skywalker
97%
R2-D2
97%
C-3PO
96%
Mace Windu
91%
Rey
90%
Chewbacca
88%
Padme Amidala
88%
Finn
86%
Jar Jar Binks
84%
Leia Organa
80%
Obi-Wan Kenobi
74%
Lando Calrissian
73%
Qui-Gon Jinn
72%
Admiral Ackbar
68%
Wicket
33%
Keine übereinstimmenden Quizze gefunden
Verteilung der Resultate
Anzahl Personen mit jedem Resultat
Perzentil nach korrekt beantworteten Fragen
Ihre Resultats-Entwicklung
Sie haben dieses Quiz noch nicht gespielt